Statistics for Countries by Railway logos

Click here to take the quiz!

General Stats

  • This quiz has been taken 143 times
    (128 since last reset)
  • The average score is 10 of 12

Answer Stats

Answer% Correct
United States of America
99%
Canada
97%
Italy
95%
Australia
94%
Germany
93%
Japan
92%
South Korea
91%
Russia
90%
China
89%
South Africa
85%
Spain
72%
Greece
50%

Score Distribution

Percentile by Number Answered

Percent of People with Each Score

Your Score History

You have not taken this quiz since the last reset